| 000 | 00690nac a22001931u 4500 | ||
|---|---|---|---|
| 010 | _a 92043629 | ||
| 020 | _a0393964175 | ||
| 082 | 0 | 0 |
_a338.5 _bM2871 |
| 090 |
_c4246 _d4246 |
||
| 100 | _aMansfield, Edwin. | ||
| 245 | 1 | 0 |
_aMicroeconomics : _btheory/applications / _cEdwin Mansfield. |
| 250 | _a8th ed. | ||
| 260 |
_aNew York : _bW.W. Norton, _cc1994. |
||
| 300 |
_a1 v. (various pagings) : _bill. (some col.) ; _c25 cm. |
||
| 504 | _aIncludes bibliographical references and index. | ||
| 650 | 0 | _aMicroeconomics. | |
| 942 |
_cBB _k338.5M2871 |
||
| 999 |
_c4246 _d4246 |
||